000 00642nam a2200277Ia 4500
005 20260324145945.0
008 008 260324s9999 xx 000 0 eng d
020 _a9781315534459
037 _aEBOOK
040 _aCRL
040 _beng
040 _cCRL
041 _2eng
041 _aeng
084 _qCRL
100 _aPaul J. Barber; David Legge
_91224773
245 0 _aPerception and Information
260 _bTaylor and Francis
260 _c1976
365 _a
365 _b180
856 _uhttp://www.taylorfrancis.com/books/9781315534459
942 _cEBOOK
999 _c1833421
_d1833421